Welcome to the Holygrace Academy Library

Please use search bar below to get started

DEEPA NOTE SELF STUDY BOOK FOR BIOLOGY (Record no. 495)

MARC details
000 -LEADER
fixed length control field 00303nam a22001217a 4500
082 ## - DEWEY DECIMAL CLASSIFICATION NUMBER
Classification number 574
100 ## - MAIN ENTRY--AUTHOR NAME
Personal name DEEPA PUBLICATION
245 ## - TITLE STATEMENT
Title DEEPA NOTE SELF STUDY BOOK FOR BIOLOGY
Remainder of title CLASS XII
260 ## - PUBLICATION, DISTRIBUTION, ETC. (IMPRINT)
Place of publication DELHI
Name of publisher S DINESH & CO
Year of publication JALANDHAR
300 ## - PHYSICAL DESCRIPTION
Number of Pages 334
650 ## - SUBJECT ADDED ENTRY--TOPICAL TERM
Topical Term BIOLOGY FOR CLASS XII
Geographic subdivision INDIA
942 ## - ADDED ENTRY ELEMENTS (KOHA)
Koha item type Books
Holdings
Withdrawn status Lost status Collection code Home library Current library Shelving location Date acquired Source of acquisition Cost, normal purchase price Full call number Accession Number Koha item type
    Reference Main Library Main Library On Display 29/06/2009 purchase 80.00 574 4628 Books